Получение и использование больших импульсных магнитных полей: ( сборник рефератов ) 1923 - 1961 гг.

Մատենագիտական մանրամասներ
Այլ հեղինակներ: Смирнов С. А. (составитель), Павлов Ю. С.
Ամփոփում:Исключено из фонда НТБ ТПУ
Լեզու:ռուսերեն
Հրապարակվել է: Москва, Государственное изд-во лит-ры по атомной науке и технике, 1962
Ձևաչափ: MixedMaterials Գիրք
KOHA link:https://koha.lib.tpu.ru/cgi-bin/koha/opac-detail.pl?biblionumber=98848

MARC

LEADER 00000nam0a2200000 4500
001 98848
005 20231031111438.0
035 |a (RuTPU)RU\TPU\book\105991 
090 |a 98848 
100 |a 20060623d1962 k y0rusy50 ca 
101 0 |a rus 
102 |a RU 
105 |a y a 001zy 
200 1 |a Получение и использование больших импульсных магнитных полей  |e ( сборник рефератов ) 1923 - 1961 гг.  |f сост. С. А. Смирнов, Ю. С. Павлов 
210 |a Москва  |c Государственное изд-во лит-ры по атомной науке и технике  |d 1962 
215 |a 56 с. 
320 |a Алф. указ. авт.: с. 54 - 56 
333 |a Исключено из фонда НТБ ТПУ 
702 1 |a Смирнов  |b С. А.  |4 220 
702 1 |a Павлов  |b Ю. С.  |4 220 
801 1 |a RU  |b 63413507  |c 20060623  |g PSBO 
801 2 |a RU  |b 63413507  |c 20110127  |g PSBO 
942 |c BK